La reina descalza

Saved in:
Bibliografiske detaljer
Hovedforfatter: Falcones de Sierra, Ildefonso (Author)
Format: Bog
Sprog:spansk
Udgivet: Santiago Random House Mondadori 2013
Fag:
Tags: Tilføj Tag
Ingen Tags, Vær først til at tagge denne postø!

MARC

LEADER 00000cam a2200000 a 4500
001 UCF6977
003 CL-VaPUC
008 130530e20130400CL |||||||||||||||||spa|d
020 |a 9789562583671 
082 0 4 |a 863  |b FAL  |2 21 
100 0 |a Falcones de Sierra, Ildefonso  |e author  |9 568937 
245 1 3 |a La reina descalza 
300 |a 747 p 
942 |c BK 
945 |d 20130530 00:00:00  |a dcastane 
260 |a Santiago  |b Random House Mondadori  |c 2013 
650 0 |a Narrativa hispanoamericana  |9 552155 
650 0 |a Novelas españolas  |9 265052 
650 0 |a Literatura española  |9 306261 
583 |a last modification  |c 20130530 09:49:00  |k Rodrigo Vera 
999 |c 351947  |d 351945 
952 |0 0  |1 0  |4 0  |6 863_000000000000000_FAL_2013  |7 0  |8 A  |9 456381  |a BIBING  |b BIBING  |d 2019-11-22  |i 4971868  |o 863 FAL 2013  |p 4971868  |r 2025-01-20  |w 2019-11-22  |y BK  |k CUI 
952 |0 0  |1 0  |3 erb  |4 0  |6 863_000000000000000_FAL_2013  |7 0  |8 C  |9 456382  |a BIBCUR  |b BIBCUR  |i 5430526  |o 863 FAL 2013  |p 5430526  |r 2025-04-22  |w 2019-11-22  |y BK  |z Catalogado en:20171020  |k CAC